000 00348nam a2200133Ia 4500
008 240624s9999 xx 000 0 und d
041 _aeng
082 _a658.4012 AHM
100 _aAHMAD ABAD
245 _aPASSION TO WIN HOW WINNING COMPANIES DEV
260 _c2004
_aNew Delhi
_bExcel Books
300 _axviii, : 322 : p. : cm. ; 24
365 _cRS
999 _c2438
_d2438